000 02151nam a22002537a 4500
005 20211028153936.0
008 211028b ||||| |||| 00| 0 eng d
020 _a0871565595
040 _cAL
041 _aeng
082 _223
_a307.14
_bNORA
100 _aHelena Norberg-Hodge
_99224
245 _aAncient Futures: Learning From Ladakh
260 _aSan Francisco
_bSierra Club Books
_c1991
300 _axviiii,294 p.
_bHB
_c23x16 cm.
520 _aLadakh, or 'Little Tibet', is a wildly beautiful desert land up in the Western Himalayas. It is a place of few resources and an extreme climate. Yet for more than a thousand years, it has been home to a thriving culture. Traditions of frugality and cooperation, coupled with an intimate and location-specific knowledge of the environment, enabled the Ladakhis not only to survive, but to prosper. Everyone had enough to eat; families and communities were strong; the status of women was high. Then came 'development'. Now in the modern sector one finds pollution and divisiveness, inflation and unemployment, intolerance and greed. Centuries of ecological balance and social harmony are under threat from pressures of Western consumerism. Ancient Futures is much more than a book about Ladakh. Passionately argued, it raises important questions about the whole notion of progress, and explores the root causes of the malaise of industrial society. At the same time, the story of Ladakh serves as a source of inspiration for our own future. It shows us that another way is possible, and points to some of the first steps towards kinder, gentler patterns of living.
_uhttps://shikshantar.org/sites/default/files/PDF/Helena%20Norberg-Hodge_%20H.H.%20The%20Dalai%20Lama%20(Foreword)_%20Peter%20Mathiessen%20(Introduction)-Ancient%20Futures_%20Lessons%20from%20Ladakh%20for%20a%20Globalizing%20World-Sierra%20Club_Counterpoint%20(2009).pdf
650 _aCommunities
_99225
650 _aRural Development Projects
_99226
650 _2Appropriate Technology
650 _aRural Conditions
_99227
651 _aIndia-Ladakh
_99228
700 _aNORBERG-HODGE (Helena)
_99229
942 _2ddc
_cGF
999 _c220266
_d220266